000 00520nam a2200169Ia 4500
008 090201s9999 xx 000 0 und d
010 _aKPL-33972
040 _bमराठी
041 _aमराठी
082 _a45932
_b33972
100 _aप्रभाकर द. मराठे
245 _aगगनवेध
_cप्रभाकर द. मराठे
260 _c2005
_bस्मिता प्रकाशन
300 _a194
_bमोठा
600 _aगगनवेध
942 _cBOOK
999 _c242822
_d242822